Kihirdették a "Béke és barátság" irodalmi pályázat eredményeit

Elmentve itt :
Bibliográfiai részletek
Dokumentumtípus: Cikk
Megjelent: 1965-04-27
Sorozat:Délmagyarország 55 No. 98
Kulcsszavak:Irodalmi élet pályázat Szeged 1965, Eszperantó mozgalom Szeged 1965, irodalmi élet
Online Access:http://dmarchiv.bibl.u-szeged.hu/74602
LEADER 00512nab a2200145 i 4500
001 delm74602
005 20180928082625.0
008 180928s1965 hu o 0|| hun d
040 |a SZTE Délmagyarország Archívum  |b hun 
041 |a hun 
245 0 0 |a Kihirdették a "Béke és barátság" irodalmi pályázat eredményeit  |h [elektronikus dokumentum] 
260 |c 1965-04-27 
300 |a 5 
490 0 |a Délmagyarország  |v 55 No. 98 
695 |a Irodalmi élet pályázat Szeged 1965, Eszperantó mozgalom Szeged 1965, irodalmi élet